ბათუმის შოთა რუსთაველის სახელმწიფო უნივერსიტეტის ბიბლიოთეკა

ბუღალტრული აღრიცხვა : (ბიბ.ჩანაწერი № 57310)

000 -LEADER
fixed length control field 01259nam a22001817a 4500
005 - DATE AND TIME OF LATEST TRANSACTION
control field 20200221153313.0
008 - FIXED-LENGTH DATA ELEMENTS--GENERAL INFORMATION
fixed length control field 200221s2020 xxu||||| |||| 00| 0 geo d
020 ## - INTERNATIONAL STANDARD BOOK NUMBER
Qualifying information 1512-0805
245 ## - TITLE STATEMENT
Title ბუღალტრული აღრიცხვა :
Remainder of title 2020 : სამეცნიერო-პრაქტიკული ჟურნალი რეფერირდება ,,ქართულ რეფერირებულ ჟურნალში" /
Statement of responsibility, etc. მთ. რედ: ლავრენტი ჭუმბურიძე ; გამოც. რედ: მანანა გველესიანი
260 ## - PUBLICATION, DISTRIBUTION, ETC.
Place of publication, distribution, etc. თბილისი :
Name of publisher, distributor, etc. საქართველოს პროფესიონალ ბუღალტერთა და აუდიტორთა ფედერაცია,
Date of publication, distribution, etc. 2020.
300 ## - PHYSICAL DESCRIPTION
Extent V.
653 ## - INDEX TERM--UNCONTROLLED
Uncontrolled term ბუღალტრული აღრიცხვა
653 ## - INDEX TERM--UNCONTROLLED
Uncontrolled term ბუღალტერია
653 ## - INDEX TERM--UNCONTROLLED
Uncontrolled term პერიოდიკა
700 ## - ADDED ENTRY--PERSONAL NAME
Personal name ჭუმბურიძე, ლავრენტი
Relator term მთავარი რედაქტორი
9 (RLIN) 7314
700 ## - ADDED ENTRY--PERSONAL NAME
Personal name გველესიანი, მანანა
Relator term რედაქტორი
9 (RLIN) 7244
942 ## - ADDED ENTRY ELEMENTS (KOHA)
Source of classification or shelving scheme
Koha item type პერიოდიკა
ეგზემპლარები
Withdrawn status Lost status Source of classification or shelving scheme Damaged status Not for loan Permanent Location Current Location Date acquired Serial Enumeration / chronology Barcode Date last seen Copy number Price effective from Koha item type
        შიდა ფონდი ბათუმის შოთა რუსთაველის სახელმწიფო უნივერსიტეტის მთავარი ბიბლიოთეკა ბათუმის შოთა რუსთაველის სახელმწიფო უნივერსიტეტის მთავარი ბიბლიოთეკა 2020-02-21 №1 (276) 2020 p80601 2020-02-21 p80601 2020-02-21 პერიოდიკა
        შიდა ფონდი ბათუმის შოთა რუსთაველის სახელმწიფო უნივერსიტეტის მთავარი ბიბლიოთეკა ბათუმის შოთა რუსთაველის სახელმწიფო უნივერსიტეტის მთავარი ბიბლიოთეკა 2020-02-21 №1 (276) 2020 p80600 2020-02-21 p80600 2020-02-21 პერიოდიკა